00850nam a22002297a 450000500170000001000150001702000250003203500140005703700090007108200100008024501170009025000060020726000520021327000500026530000280031570000330034370000230037670000300039994200240042999900190045395201480047220250122161940.0 aENG-143013 c50.00a9788195667314 aEN-126545 bDBAD a362.4 aDisability Matters:bA Guide for Parents and Caregivers/cCompiled By Shirly G; Nilasha S [and] Priya Anna James a1 aKerelabNational Institute of Speech & Hearing  aNISH Road, ThiruvananthapurambKerelae695017 axxvii,219p. c20cm (hb) aG, Shirly eCompiled 975073 aS, Nilasha 975074 aJames, Priya Anna 975075 2ddccENh362.4mDIS c207639d207639 001040708NFICaAVbAVd2024-12-12eDelivery of Books Divisiong50.00l0o362.4 DISpEN-126545r2024-12-12 00:00:00t1v50.00w2024-12-12yEN